Carolina Hurricanes Leaders - Statistics

General Stats
  • This quiz has been taken 80 times
    21 since last reset
  • The average score is 50 of 100
Answer Stats
Stat Number Answer % Correct
Most Goals 322 Eric Staal
87%
Most Assists 453 Eric Staal
87%
Most Points 775 Eric Staal
87%
Most Games Played 909 Eric Staal
87%
Most Game Winning Goals 47 Eric Staal
87%
Most Games Played (Goalie) 159 Frederik Andersen
87%
Most Wins 98 Frederik Andersen
87%
Most Shutouts 9 Frederik Andersen
87%
Best Career Save Percentage .906 Frederik Andersen
87%
Best Career Goals Against Average 2.45 Frederik Andersen
87%
Most Goals 198 Jordan Staal
87%
Most Assists 285 Jordan Staal
87%
Most Points 499 Jordan Staal
87%
Most Games Played 972 Jordan Staal
87%
Most Game Winning Goals 33 Jordan Staal
87%
Most Goals 310 Sebastian Aho
87%
Most Assists 401 Sebastian Aho
87%
Most Points 711 Sebastian Aho
87%
Most Games Played 756 Sebastian Aho
87%
Most Game Winning Goals 68 Sebastian Aho
87%
Most Assists 299 Rod Brind'Amour
80%
Most Points 473 Rod Brind'Amour
80%
Most Games Played 694 Rod Brind'Amour
80%
Most Game Winning Goals 29 Rod Brind'Amour
80%
Most Goals 382 Ron Francis
80%
Most Assists 793 Ron Francis
80%
Most Points 1175 Ron Francis
80%
Most Games Played 1186 Ron Francis
80%
Most Game Winning Goals 57 Ron Francis
80%
Most Assists 252 Andrei Svechnikov
73%
Most Points 434 Andrei Svechnikov
73%
Most Game Winning Goals 31 Andrei Svechnikov
73%
Most Games Played (Goalie) 668 Cam Ward
67%
Most Wins 318 Cam Ward
67%
Most Shutouts 27 Cam Ward
67%
Best Career Save Percentage .909 Cam Ward
67%
Best Career Goals Against Average 2.70 Cam Ward
67%
Most Assists 251 Jaccob Slavin
67%
Most Games Played 784 Jaccob Slavin
67%
Most Wins 46 Antti Raanta
47%
Most Shutouts 7 Antti Raanta
47%
Best Career Save Percentage .901 Antti Raanta
47%
Best Career Goals Against Average 2.53 Antti Raanta
47%
Most Game Winning Goals 34 Erik Cole
47%
Most Games Played 913 Glen Wesley
47%
Most Games Played (Goalie) 125 Pyotr Kochetkov
47%
Most Wins 71 Pyotr Kochetkov
47%
Most Shutouts 11 Pyotr Kochetkov
47%
Best Career Save Percentage .904 Pyotr Kochetkov
47%
Best Career Goals Against Average 2.46 Pyotr Kochetkov
47%
Best Career Save Percentage .895 Brandon Bussi
40%
Best Career Goals Against Average 2.47 Brandon Bussi
40%
Most Games Played 627 Brett Pesce
40%
Most Goals 204 Jeff Skinner
40%
Most Goals 250 Kevin Dineen
40%
Most Assists 294 Kevin Dineen
40%
Most Points 544 Kevin Dineen
40%
Most Games Played 708 Kevin Dineen
40%
Most Game Winning Goals 37 Kevin Dineen
40%
Most Goals 192 Pat Verbeek
40%
Most Points 403 Pat Verbeek
40%
Most Assists 277 Teuvo Teräväinen
40%
Most Points 415 Teuvo Teräväinen
40%
Most Games Played (Goalie) 309 Artūrs Irbe
33%
Most Wins 130 Artūrs Irbe
33%
Most Shutouts 20 Artūrs Irbe
33%
Best Career Save Percentage .906 Artūrs Irbe
33%
Best Career Goals Against Average 2.49 Artūrs Irbe
33%
Most Goals 198 Jeff O'Neill
27%
Most Points 416 Jeff O'Neill
27%
Most Games Played 673 Jeff O'Neill
27%
Most Game Winning Goals 38 Jeff O'Neill
27%
Most Games Played (Goalie) 119 Kevin Weekes
27%
Most Shutouts 11 Kevin Weekes
27%
Best Career Save Percentage .912 Kevin Weekes
27%
Best Career Goals Against Average 2.39 Kevin Weekes
27%
Most Games Played (Goalie) 252 Mike Liut
27%
Most Wins 115 Mike Liut
27%
Most Shutouts 13 Mike Liut
27%
Best Career Save Percentage .882 Mike Liut
27%
Most Wins 50 Petr Mrázek
27%
Most Shutouts 10 Petr Mrázek
27%
Best Career Save Percentage .911 Petr Mrázek
27%
Best Career Goals Against Average 2.48 Petr Mrázek
27%
Most Games Played (Goalie) 281 Sean Burke
27%
Most Wins 107 Sean Burke
27%
Most Shutouts 11 Sean Burke
27%
Best Career Save Percentage .903 Sean Burke
27%
Best Career Goals Against Average 3.09 Sean Burke
27%
Most Goals 196 Geoff Sanderson
20%
Most Games Played (Goalie) 122 John Garrett
20%
Most Assists 253 Andrew Cassels
13%
Most Goals 219 Blaine Stoughton
13%
Most Game Winning Goals 29 Blaine Stoughton
13%
Most Games Played (Goalie) 219 Greg Millen
13%
Most Wins 62 Greg Millen
13%
Most Games Played (Goalie) 178 Peter Sidorkiewicz
0%
Most Wins 71 Peter Sidorkiewicz
0%
Most Shutouts 8 Peter Sidorkiewicz
0%
Best Career Goals Against Average 3.33 Peter Sidorkiewicz
0%
No matching quizzes found
Score Distribution
Percent of People with Each Score
Percentile by Number Answered
Your Score History
You have not taken this quiz since the last reset